000 01318nam a2200217Ia 4500
999 _c54140
_d54140
001 21195
003 GE_BSU
005 20230307122008.0
008 181216s2011||||ge |||||||||||||| ||geo||
040 _cGE_BSU
041 _ageo
080 _a347.961(479.22) ს-25
245 _aსანოტარო სამართალი : ნორმატიული აქტების კრებული :
_bცვლილებებითა და დამატებებით 2010 წლის 15 ნოემბრამდე.
264 _aთბილისი :
_bბონა კაუზა,
_c2011.
300 _a271 გვ. ;
_c20 სმ.
490 _aიურისტის ბიბლიოთეკა
500 _aწინამდებარე კრებულში თავმოყრილია ის ნორმატიული აქტები,რომლებიც განსაზღვრავენ ნოტარიატის მოწყობისა და ნოტარიუსის სამსახურებრივი საქმიანობის სამართლებრივ საფუძვლებს
541 _h15ლ.
653 _aსანოტარო სამართალი
942 _cBK
_2udc